000 00638nam a2200181Ia 4500
008 090711s9999 xx 000 0 und d
082 _b65158
100 _aहॅरॉल्ड रॉबिन्स
245 _aहे बंध वात्सल्याSो
260 _c1990
300 _a178
600 _aहॅरॉल्ड रॉबिन्स
630 _aहे बंध वात्सल्याSो
700 _aवेंगुर्लेकर योगिनी
700 _aहॅरॉल्ड रॉबिन्स
730 _aहे बंध वात्सल्याSो
942 _cBOOK
999 _c299637
_d299637